Writing voyage: An integrated, process approach to basic writing

में बचाया:
ग्रंथसूची विवरण
मुख्य लेखक: Thomas E Tyner
स्वरूप: पुस्तक
भाषा:Undetermined
प्रकाशित: Belmont, California Wadsworth 1985
विषय:
टैग : टैग जोड़ें
कोई टैग नहीं, इस रिकॉर्ड को टैग करने वाले पहले व्यक्ति बनें!
Thư viện lưu trữ: Trung tâm Học liệu Trường Đại học Cần Thơ
LEADER 00555nam a2200181Ia 4500
001 CTU_42988
008 210402s9999 xx 000 0 und d
082 |a 808.042 
082 |b T989 
100 |a Thomas E Tyner 
245 0 |a Writing voyage: An integrated, process approach to basic writing 
245 0 |c Thomas E Tyner 
260 |a Belmont, California 
260 |b Wadsworth 
260 |c 1985 
650 |a english language - rhetoric,english language - writing 
904 |i Minh, 010821 
980 |a Trung tâm Học liệu Trường Đại học Cần Thơ